<?xml version="1.0" encoding="UTF-8"?>
<record
    xmlns:xsi="http://www.w3.org/2001/XMLSchema-instance"
    xsi:schemaLocation="http://www.loc.gov/MARC21/slim http://www.loc.gov/standards/marcxml/schema/MARC21slim.xsd"
    xmlns="http://www.loc.gov/MARC21/slim">

  <leader>00791nam a22002537a 4500</leader>
  <controlfield tag="005">20260225220536.0</controlfield>
  <controlfield tag="008">240611s2001    gw ao||gr|||| 001 0 spa d</controlfield>
  <datafield tag="020" ind1=" " ind2=" ">
    <subfield code="a">3-8228-0878-4</subfield>
  </datafield>
  <datafield tag="040" ind1=" " ind2=" ">
    <subfield code="a">BPGM</subfield>
    <subfield code="b">spa</subfield>
  </datafield>
  <datafield tag="041" ind1=" " ind2=" ">
    <subfield code="a">ESPA&#xD1;OL </subfield>
    <subfield code="h">GER</subfield>
  </datafield>
  <datafield tag="082" ind1=" " ind2=" ">
    <subfield code="a">759.38 / N47</subfield>
  </datafield>
  <datafield tag="100" ind1=" " ind2=" ">
    <subfield code="a">N&#xC9;RET, GILLES</subfield>
  </datafield>
  <datafield tag="245" ind1=" " ind2="0">
    <subfield code="a">TAMARA DE LEMPICKA :</subfield>
    <subfield code="b">1898 - 1980</subfield>
  </datafield>
  <datafield tag="260" ind1=" " ind2=" ">
    <subfield code="a">ALEMANIA :</subfield>
    <subfield code="b">TASCHEN ,</subfield>
    <subfield code="c">2001 .</subfield>
  </datafield>
  <datafield tag="300" ind1=" " ind2=" ">
    <subfield code="a">79 p&#xE1;ginas ; </subfield>
    <subfield code="c">18.7 x 22.9 cm </subfield>
  </datafield>
  <datafield tag="336" ind1=" " ind2=" ">
    <subfield code="2">rdacontent</subfield>
    <subfield code="a">texto</subfield>
    <subfield code="b">txt</subfield>
  </datafield>
  <datafield tag="337" ind1=" " ind2=" ">
    <subfield code="2">rdamedia</subfield>
    <subfield code="a">sin mediaci&#xF3;n</subfield>
    <subfield code="b">n</subfield>
  </datafield>
  <datafield tag="338" ind1=" " ind2=" ">
    <subfield code="2">rdacarrier</subfield>
    <subfield code="a">volumen </subfield>
    <subfield code="b">nc</subfield>
  </datafield>
  <datafield tag="650" ind1=" " ind2=" ">
    <subfield code="a">LAS ARTES, BELLAS ARTES Y ARTES DECORATIVAS</subfield>
  </datafield>
  <datafield tag="650" ind1=" " ind2=" ">
    <subfield code="a">PINTURA Y PINTURAS</subfield>
  </datafield>
  <datafield tag="650" ind1=" " ind2=" ">
    <subfield code="a">TRATAMENTO HIST&#xD3;RICO, GEOGR&#xC1;FICO, DE PERSONAS</subfield>
  </datafield>
  <datafield tag="700" ind1=" " ind2=" ">
    <subfield code="a">ORDO&#xD1;EZ REY, MARIA </subfield>
    <subfield code="b">TRADUCCI&#xD3;N </subfield>
  </datafield>
  <datafield tag="942" ind1=" " ind2=" ">
    <subfield code="c">GENERAL</subfield>
    <subfield code="2">ddc</subfield>
  </datafield>
  <datafield tag="952" ind1=" " ind2=" ">
    <subfield code="0">0</subfield>
    <subfield code="1">0</subfield>
    <subfield code="2">ddc</subfield>
    <subfield code="4">0</subfield>
    <subfield code="7">2</subfield>
    <subfield code="8">GENERAL</subfield>
    <subfield code="a">BPCEFC</subfield>
    <subfield code="b">BPCEFC</subfield>
    <subfield code="c">ACCESO "B" PLANTA BAJA</subfield>
    <subfield code="d">2026-02-25</subfield>
    <subfield code="e">DGB</subfield>
    <subfield code="l">0</subfield>
    <subfield code="o">759.38 / N47</subfield>
    <subfield code="p">26493</subfield>
    <subfield code="r">2026-03-11 16:23:46</subfield>
    <subfield code="t">EJ.1</subfield>
    <subfield code="w">2021-04-22</subfield>
    <subfield code="y">GENERAL</subfield>
  </datafield>
  <datafield tag="999" ind1=" " ind2=" ">
    <subfield code="c">40277</subfield>
    <subfield code="d">40277</subfield>
  </datafield>
</record>
